00929cam a22002651 450000100060000000300080000600500170001400800410003103500190007203500180009104000410010904100080015008200180015810000310017624501030020726000520031030000290036250400200039165000220041174000360043374000220046994200120049199900170050395201430052030262BD-RjUL20211209051534.0140409t1960 nyua 001 0 eng d a(BD-RjUL)30347 a(OCoLC)224236 aDLCcODaWUdOCoLCdDLCdBD-RjULbeng aeng04a153bSAC 19601 aSarbin, Theodore R.99044010aClinical inference and cognitive theory /cby Theodore Sarbin, Ronald Taft [and] Daniel E. Bailey. aNew York :bHolt, Rinehart and Winston,cc1960. a293 p. :bill. ;c24 cm. aincludes index. 0aCognition.9920000 aInference and cognitive theory.0 aCognitive theory. 2ddccBK c30262d30262 00102ddc40718NFICaRUCLbRUCLcReadingd1962-08-23eMiza book agencyg27.50l0o153 SAC 1960r2014-04-09 00:00:00tC-1w2014-04-09yBK